Sports Quiz

Random Sports Quiz

1977 Dodgers Opening Day Starters Quiz Stats

 Plays Quiz not verified by Sporcle

Score 0/9 Timer 04:00
0 Plays Today
Position Player % Correct
First BaseSteve Garvey
99.2%
Third BaseRon Cey
99.2%
Second BaseDavey Lopes
98.4%
ShortstopBill Russell
95.3%
PitcherDon Sutton
94.6%
CatcherSteve Yeager
93%
Left FieldDusty Baker
91.5%
Right FieldReggie Smith
87.6%
Center FieldRick Monday
82.9%

You're not logged in!

Compare scores with friends on all Sporcle quizzes.
OR
Log In

Show Comments

Extras

Top Quizzes Today


Score Distribution

Your Account Isn't Verified!

In order to create a playlist on Sporcle, you need to verify the email address you used during registration. Go to your Sporcle Settings to finish the process.

Report this User

Report this user for behavior that violates our Community Guidelines.

Details: